000 00698nam a2200241 4500
001 27795
003 BD-RjUL
005 20211209051213.0
008 140327s1967 enka 001 0 eng
035 _a(BD-RjUL)27874
040 _aDLC
_cDLC
_dBD-RjUL
_beng
041 _aeng
082 0 0 _a915.61043
_bLIT 1967
100 1 _aLister, R. P.
_q(Richard Percival),
_d1914-
_985320
245 1 0 _aTurkey observed /
_cR. P. Lister; with illustrations by the author.
260 _aLondon :
_bEyre & Spottiswoode,
_cc1967.
300 _a271 p.
_billus. ;
_c22 cm.
504 _aIncludes index.
651 0 _aTurkey
_xGuidebooks.
_985321
942 _2ddc
_cBK
999 _c27795
_d27795